| 000 | nam a22 7a 4500 | ||
|---|---|---|---|
| 999 |
_c126960 _d126960 |
||
| 008 | 170919b xxu||||| |||| 00| 0 eng d | ||
| 050 | _aPR9360.R479 | ||
| 100 |
_aMandela, Nelson _931485 |
||
| 245 |
_aRhythms in the flame _bA reading and other poems _c/ Nelson Mandela |
||
| 260 |
_aAthlore, South Africa _bCOSAW |
||
| 300 |
_a6Op. ; _c21cm. |
||
| 650 |
_aPoetry, South Africa _xCollection _935197 |
||
| 700 |
_aJohnstone, Abduragheim _eed. _935755 |
||
| 942 |
_2lcc _cMONOGRAPH |
||